| 000 | 01128nam a22002537a 4500 | ||
|---|---|---|---|
| 999 |
_c63534 _d63534 |
||
| 005 | 20240530110646.0 | ||
| 008 | 171114s2016 jo a g b 000 0 ara d | ||
| 017 |
_a2015/9/4299 _bالمملكة الاردنية الهاشمية . دائرة المكتبة الوطنية |
||
| 020 | _a9789957176990 | ||
| 040 |
_aEG-CaGPL _cEG-CaGPL |
||
| 082 | 0 | 4 |
_221 _a371.4\ _bب إ |
| 100 | 0 | _aباسم محمد الدحادحة | |
| 245 | 1 | 2 |
_aالارشاد المدرسى للاطفال و المراهقين : _bدليل الاباء و المعلمين و المرشدين النفسيين / _cباسم محمد الدحادحة . |
| 250 | _aط.1 | ||
| 260 |
_aعمان : _bمكتبة الفلاح للنشر و التوزيع ، _c2016 . |
||
| 300 |
_a347 ص. ؛ _c24 سم. |
||
| 504 | _aيشتمل على ارجاعات ببليوجرافية | ||
| 650 | 0 | 7 |
_2qrmak _aالتوجيه التربوى |
| 650 | 0 | 7 |
_2qrmak _aالقدرات الشخصية |
| 650 | 0 | 7 |
_2qrmak _aالطلبة الموهوبون |
| 650 | 0 | 7 |
_2qrmak _aالطلبة _xارشاد |
| 942 |
_2ddc _cBK |
||